|
|
|
|
| LEADER |
01714nam a22003497a 4500 |
| 001 |
43960 |
| 003 |
BD-DhAAL |
| 005 |
20250119160621.0 |
| 008 |
250119t2024 enka|||| |||| 001 0 eng d |
| 020 |
|
|
|a 9780241657034
|
| 020 |
|
|
|a 0241657032
|
| 040 |
|
|
|a BD-DhAAL
|c BD-DhAAL
|
| 082 |
|
|
|a 443.21
|2 23
|
| 245 |
|
|
|a French English bilingual visual dictionary.
|
| 246 |
|
|
|a Bilingual visual dictionary
|
| 250 |
|
|
|a Revised edition.
|
| 260 |
|
|
|a London :
|b Dorling Kindersley Limited,
|c 2024.
|
| 300 |
|
|
|a 36 pages :
|b color illustrations ;
|c 17 cm
|
| 500 |
|
|
|a Includes index.
|
| 526 |
|
|
|a BIL
|x Dr. Tanjena Sultana Khan
Lecturer
BRAC Institute of Languages (BIL)
Course Name : Basic French (FRN 101)
|
| 541 |
|
|
|a R K Corporation
|e 43960, 43961
|
| 650 |
|
|
|a English language
|v Dictionaries
|x French.
|9 57501
|
| 650 |
|
|
|a French language
|v Dictionaries
|x English.
|9 57502
|
| 650 |
|
|
|a Picture dictionaries, French.
|9 57500
|
| 650 |
|
|
|a Picture dictionaries, English.
|
| 650 |
|
|
|a French language materials
|x Bilingual.
|9 57503
|
| 710 |
|
|
|a DK Publishing, Inc.,
|e editor.
|9 13685
|
| 852 |
|
|
|a Ayesha Abed Library
|c Reference Section
|
| 942 |
|
|
|2 ddc
|c BK
|
| 999 |
|
|
|c 47197
|d 47197
|
| 952 |
|
|
|0 0
|1 0
|2 ddc
|4 0
|6 443_210000000000000_FRE
|7 0
|9 77179
|a BIL
|b BIL
|d 2025-01-13
|e R K Corporation
|g 1570.00
|l 0
|o 443.21 FRE
|p 3010043960
|r 2025-01-13
|t 1
|v 1570.00
|w 2025-01-13
|y BK
|x Requisitioned by Dr. Tanjena Sultana Khan for the course named- "Basic French (FRN 101)".
|
| 952 |
|
|
|0 0
|1 0
|2 ddc
|4 0
|6 443_210000000000000_FRE
|7 0
|9 77180
|a BIL
|b BIL
|d 2025-01-13
|e R K Corporation
|g 1570.00
|l 0
|o 443.21 FRE
|p 3010043961
|r 2025-01-13
|t 2
|v 1570.00
|w 2025-01-13
|y BK
|x Requisitioned by Dr. Tanjena Sultana Khan for the course named- "Basic French (FRN 101)".
|